000
00236nam a2200097Ia 4500
001
640152
005
20250826153442.0
008
250824s9999 xx 000 0 und d
245
0
_a
Serçe Kuş
_c
Cahit Zarifoğlu
260
_b
BEYAN YAYINLARI
999
_c
640152
_d
640152